| 000 | 01164nam a22003497a 4500 | ||
|---|---|---|---|
| 003 | CHAP | ||
| 005 | 20220817042837.0 | ||
| 008 | 971013s1965 r 00010 d | ||
| 010 | _a57491 | ||
| 011 | _a58463 | ||
| 035 | _a62618 | ||
| 040 | _cCHAP | ||
| 082 |
_a551.594 _bS6 |
||
| 100 | 0 | 0 |
_aSoto Mora, Consuelo. _9108893 |
| 245 | _aIsotermas extremas e índice de aridez en la Rupública Mexicana | ||
| 260 |
_aMéxico, D.F. : _bUNAM. Instituto de Geografía, _c1965 |
||
| 300 |
_a119 p. _b; mapas |
||
| 590 |
_aBATCH-UPD _b10 _c20130110 _lUCH01 _h0015 |
||
| 590 |
_aBATCH-UPD _b10 _c20130110 _lUCH01 _h0611 |
||
| 590 |
_aBATCH-UPD _b10 _c20130110 _lUCH01 _h2308 |
||
| 590 |
_aBATCH-UPD _b10 _c20130410 _lUCH01 _h0253 |
||
| 590 |
_aBATCH-UPD _b10 _c20130914 _lUCH01 _h0948 |
||
| 590 |
_aCONVERSION _b10 _c20130109 _lUCH01 _h1331 |
||
| 650 | 1 | 4 |
_aClima _xMéxico. _923835 |
| 650 | 1 | 4 |
_aIsotermas. _960637 |
| 650 | 1 | 4 |
_aRegiones áridas _zMéxico. _995690 |
| 700 | 0 | _aJáuregui O., Ernesto. | |
| 901 | _aBK | ||
| 942 | _cLIBRO | ||
| 949 |
_a551.594 S6 _bBC _cC _d33724000494266 _eC _h11223 _i62618 _si |
||
| 949 |
_a551.594 S6 _bBC _cC _d33724000943080 _eC _fc.2 _h29850 _i62618 _si |
||
| 999 |
_c57491 _d57491 |
||